000 00229nam a2200097Ia 4500
008 170619s9999 xx 000 0 und d
100 _aWebster John G
245 0 _aMedical Instrumentation
260 _bNew Delhi : Wiley
260 _c2004
546 _aENGLISH
999 _c18350
_d18350